<?xml version="1.0" encoding="UTF-8"?>
<record
    xmlns:xsi="http://www.w3.org/2001/XMLSchema-instance"
    xsi:schemaLocation="http://www.loc.gov/MARC21/slim http://www.loc.gov/standards/marcxml/schema/MARC21slim.xsd"
    xmlns="http://www.loc.gov/MARC21/slim">

  <leader>02176cam a2200337 a 4500</leader>
  <datafield tag="952" ind1=" " ind2=" ">
    <subfield code="0">0</subfield>
    <subfield code="1">0</subfield>
    <subfield code="2">ddc</subfield>
    <subfield code="4">0</subfield>
    <subfield code="7">0</subfield>
    <subfield code="8">BOTANY</subfield>
    <subfield code="a">MES</subfield>
    <subfield code="b">MES</subfield>
    <subfield code="c">BOTANY</subfield>
    <subfield code="d">2022-10-29</subfield>
    <subfield code="g">10000.00</subfield>
    <subfield code="l">7</subfield>
    <subfield code="m">3</subfield>
    <subfield code="o">571.2 TAI/P</subfield>
    <subfield code="p">41685</subfield>
    <subfield code="r">2025-09-23 13:11:28</subfield>
    <subfield code="s">2025-09-09</subfield>
    <subfield code="w">2022-10-29</subfield>
    <subfield code="y">BK</subfield>
    <subfield code="z">GL18R4</subfield>
  </datafield>
  <datafield tag="999" ind1=" " ind2=" ">
    <subfield code="c">41629</subfield>
    <subfield code="d">41629</subfield>
  </datafield>
  <controlfield tag="001">16630942</controlfield>
  <controlfield tag="003">OSt</controlfield>
  <controlfield tag="005">20221029132800.0</controlfield>
  <controlfield tag="008">100405s2010    maua     b    001 0 eng  </controlfield>
  <datafield tag="010" ind1=" " ind2=" ">
    <subfield code="a">  2010014391</subfield>
  </datafield>
  <datafield tag="015" ind1=" " ind2=" ">
    <subfield code="a">GBB030857</subfield>
    <subfield code="2">bnb</subfield>
  </datafield>
  <datafield tag="016" ind1="7" ind2=" ">
    <subfield code="a">015494515</subfield>
    <subfield code="2">Uk</subfield>
  </datafield>
  <datafield tag="020" ind1=" " ind2=" ">
    <subfield code="a">9780878938667 (casebound)</subfield>
  </datafield>
  <datafield tag="020" ind1=" " ind2=" ">
    <subfield code="a">0878938664 (casebound)</subfield>
  </datafield>
  <datafield tag="035" ind1=" " ind2=" ">
    <subfield code="a">(OCoLC)ocn528410907</subfield>
  </datafield>
  <datafield tag="040" ind1=" " ind2=" ">
    <subfield code="a">DLC</subfield>
    <subfield code="c">DLC</subfield>
    <subfield code="d">DLC</subfield>
  </datafield>
  <datafield tag="050" ind1="0" ind2="0">
    <subfield code="a">QK711.2</subfield>
    <subfield code="b">.T35 2010</subfield>
  </datafield>
  <datafield tag="082" ind1="0" ind2="0">
    <subfield code="a">571.2</subfield>
    <subfield code="2">22</subfield>
    <subfield code="b">TAI/P</subfield>
  </datafield>
  <datafield tag="100" ind1="1" ind2=" ">
    <subfield code="a">Taiz, Lincoln</subfield>
    <subfield code="9">9182</subfield>
  </datafield>
  <datafield tag="245" ind1="1" ind2="0">
    <subfield code="a">Plant physiology /</subfield>
    <subfield code="c">Lincoln Taiz, Eduardo Zeiger.</subfield>
  </datafield>
  <datafield tag="250" ind1=" " ind2=" ">
    <subfield code="a">5th ed.</subfield>
  </datafield>
  <datafield tag="260" ind1=" " ind2=" ">
    <subfield code="a">Sunderland, MA :</subfield>
    <subfield code="b">Sinauer Associates,</subfield>
    <subfield code="c">c2010.</subfield>
  </datafield>
  <datafield tag="300" ind1=" " ind2=" ">
    <subfield code="a">xxxiv, 782, [137] p. :</subfield>
    <subfield code="b">ill. (some col.) ;</subfield>
    <subfield code="c">29 cm.</subfield>
  </datafield>
  <datafield tag="504" ind1=" " ind2=" ">
    <subfield code="a">Includes bibliographical references and indexes.</subfield>
  </datafield>
  <datafield tag="505" ind1="0" ind2=" ">
    <subfield code="a">Plant cells -- Genome organization and gene expression -- Water and plant cells -- Water balance of plants -- Mineral nutrition -- Solute transport -- Photosynthesis : the light reactions -- Photosynthesis : carbon reactions -- Photosynthesis : physiological and ecological considerations -- Translocation in the phloem -- Respiration and lipid metabolism -- Assimilation of mineral nutrients -- Secondary metabolites and plant defense -- Signal transduction -- Cell walls : structure, biogenesis, and expansion -- Growth and development -- Phytochrome and light control of plant development -- Blue-light responses : morphogenesis and stomatal movements -- Auxin : the first discovered plant growth hormone -- Gibberellins : regulators of plant height and seed germination -- Cytokinins : regulators of cell division -- Ethylene : the gaseous hormone -- Abscisic acid : a seed maturation and stress-response hormone -- Brassinosteroids : regulators of cell expansion and development -- The control of flowering -- Responses and adaptations to abiotic stress.</subfield>
  </datafield>
  <datafield tag="650" ind1=" " ind2="0">
    <subfield code="a">Plant physiology.</subfield>
  </datafield>
  <datafield tag="700" ind1="1" ind2=" ">
    <subfield code="a">Zeiger, Eduardo</subfield>
    <subfield code="9">9183</subfield>
  </datafield>
  <datafield tag="906" ind1=" " ind2=" ">
    <subfield code="a">7</subfield>
    <subfield code="b">cbc</subfield>
    <subfield code="c">orignew</subfield>
    <subfield code="d">1</subfield>
    <subfield code="e">ecip</subfield>
    <subfield code="f">20</subfield>
    <subfield code="g">y-gencatlg</subfield>
  </datafield>
  <datafield tag="942" ind1=" " ind2=" ">
    <subfield code="2">ddc</subfield>
    <subfield code="c">BK</subfield>
    <subfield code="h">571.2</subfield>
    <subfield code="i">TAI/P</subfield>
    <subfield code="k">572.1</subfield>
    <subfield code="m">TAI/P</subfield>
  </datafield>
</record>
